000 01243nab a22002297a 4500
999 _c5583
_d5583
003 OSt
005 20251219103124.0
008 190429b xxu||||| |||| 00| 0 spa d
040 _cPJ
100 _96558
_aTilli, Martín Federico
245 1 3 _aEl enjuiciamiento penal de las personas jurídicas en Argentina. Análisis del proceso penal de la persona jurídica contenida en la norma 27.401 y el Código Procesal Penal Federal -/
_cMartín Federico Tilli.
260 _cCiudad Autónoma de Buenos Aires :
_aThomson Reuters La Ley,
_b2025.
300 _ap. 121-134
500 _aCita: TR LALEY AR/DOC/1070/2025.
505 _aSumario: I. Introducción.— II. La cuestión jurídica del enjuiciamiento penal de las empresas.— III. Ley 27.401, una superación del debate.— IV. El proceso penal de la persona jurídica en Argentina.— V. Conclusión.
505 _tSi te interesa el texto completo, solicitalo a koha@justierradelfuego.gov.ar
650 0 _9343
_aDERECHO PENAL
650 0 _92348
_aPROCESO PENAL
650 0 _92625
_aPERSONAS JURÍDICAS
773 0 _02658
_93164
_tRevista de derecho penal y criminología. Nº 5 - Junio 2025
_dCiudad Autónoma de Buenos Aires : Thomson Reuters La Ley, 2017-
_x00347914
942 _2udc
_cANA